logo

Bir Sreshtho Munshi Abdur Rouf Library
Jhenaidah Cadet College

ইসলাম ও আন্তর্জাতিক সম্পর্ক / (Record no. 10346)

MARC details
000 -LEADER
fixed length control field 01076nam a2200241 a 4500
001 - CONTROL NUMBER
JCCL Control Number 10346
003 - CONTROL NUMBER IDENTIFIER
JCCL marc code BD-JhCC
005 - DATE AND TIME OF LATEST TRANSACTION
control field 20211129134020.0
008 - FIXED-LENGTH DATA ELEMENTS--GENERAL INFORMATION
fixed length control field 180424s2002 bg |||| ||a| 000 0 ben d
020 ## - INTERNATIONAL STANDARD BOOK NUMBER
International Standard Book Number 9848203303
035 ## - SYSTEM CONTROL NUMBER
system control number (BD-JhCC)10346
040 ## - CATALOGING SOURCE
Original cataloging agency BD-JhCC
Modifying agency BD-JhCC
041 ## - LANGUAGE CODE
Language code of Book ben
082 ## - DEWEY DECIMAL CLASSIFICATION NUMBER
Classification number 297.19787
Author mark and Year ABU 2002
100 ## - MAIN ENTRY--PERSONAL NAME
Personal name আবুলাইমান, ড. আবদুলহাদমদ আহমাদ
245 ## - TITLE STATEMENT
Title ইসলাম ও আন্তর্জাতিক সম্পর্ক /
Statement of responsibility, etc ড. আবদুলহাদমদ আহমাদ আবুলাইমান; মোঃ জয়নুল আবেদীন মজুমদার (অনুবাদ)
260 ## - PUBLICATION, DISTRIBUTION, ETC. (IMPRINT)
Place of publication, distribution, etc ঢাকা :
Name of publisher, distributor, etc বাংলাদেশ ইনস্টিটিউট অব ইমলামিক থ্যট (বিআইআইটি),
Date of publication, distribution, etc 2002.
300 ## - PHYSICAL DESCRIPTION
Pagination 245 p. :
Dimensions 22 cm.
650 ## - SUBJECT ADDED ENTRY--TOPICAL TERM
Topical term or geographic name as entry element Islam and World Politics
700 ## - ADDED ENTRY--PERSONAL NAME
Personal name মজুমদার, মোঃ জয়নুল আবেদীন
942 ## - ADDED ENTRY ELEMENTS (KOHA)
Source of classification or shelving scheme Dewey Decimal Classification
Koha item type Books
Koha issues (borrowed), all copies 4
Holdings
Source of classification or shelving scheme Damaged status Not for loan Home library Current library Shelving location Date of accession Cost, normal purchase price Total Checkouts Full call number Barcode Date last seen Date checked out Copy number Koha item type
Dewey Decimal Classification     JCC Rouf Library JCC Rouf Library General Stacks 04/24/2018 250.00 1 297.19787 ABU 2002 13559 03/21/2022 11/28/2021 C-1 Books
Dewey Decimal Classification     JCC Rouf Library JCC Rouf Library General Stacks 04/24/2018 250.00 1 297.19787 ABU 2002 13558 09/10/2018 09/03/2018 C-2 Books
Dewey Decimal Classification     JCC Rouf Library JCC Rouf Library General Stacks 06/10/2021 150.00   297.19787 ABU 2002 16858 09/20/2021   C-3 Books

JCC Library | Contacts | JCC Home

Last Update on 23 September 2017
Copyright @ 2017-2020 JCC Rouf Library
Rouf Library, Jhenidah Cadet College (JCC), Bangladesh